[Event "Thessaloniki White Tower op-A 2nd"]
[Site "Thessaloniki"]
[Date "2023.01.06"]
[Round "7"]
[White "Voutsas, Leonidas"]
[Black "Mixakis, Evangelos"]
[Result "1/2-1/2"]
[WhiteElo "1657"]
[BlackElo "1900"]
[PlyCount "123"]
[EventDate "2023.01.02"]
[EventType "swiss"]
[EventRounds "9"]
[EventCountry "GRE"]
[SourceTitle "CBM 212 Extra"]
[Source "ChessBase"]
[SourceDate "2023.03.31"]
[SourceVersion "1"]
[SourceVersionDate "2023.03.31"]
[SourceQuality "1"]

1. d4 Nf6 2. c4 c5 3. d5 b5 4. cxb5 a6 5. e3 axb5 6. Bxb5 g6 7. Nc3 Bg7 8. Nf3 0-0 9. 0-0 d6 10. e4 Ne8 11. Re1 Nc7 12. Bc4 Nd7 13. Bf4 Nb6 14. Bf1 Ba6 15. Qd2 Bxf1 16. Kxf1 Qd7 17. Bh6 Rfb8 18. Bxg7 Kxg7 19. b3 f6 20. Qd3 Ra3 21. Nd2 Rba8 22. Nc4 Nxc4 23. Qxc4 R3a5 24. a4 Rb8 25. Rab1 Rb4 26. Qd3 Qc8 27. Na2 Rd4 28. Qe2 Qa6 29. Qxa6 Nxa6 30. Nc3 Rb4 31. Ke2 c4 32. bxc4 Rxc4 33. Rb5 Rxb5 34. axb5 Rxc3 35. bxa6 Ra3 36. Rb1 Rxa6 37. Rb7 Kf7 38. Rb2 f5 39. f3 Kf6 40. Ke3 Ra3+ 41. Ke2 Ra6 42. Ke3 Ra3+ 43. Kd4 Ra4+ 44. Kd3 fxe4+ 45. fxe4 Ke5 46. Rb7 Rd4+ 47. Kc3 Rxe4 48. Rxe7+ Kxd5 49. Rxh7 Re2 50. g3 Re3+ 51. Kd2 Kd4 52. Rh4+ Re4 53. Rh6 Re6 54. h4 Ke5 55. g4 Kf6 56. h5 Kg5 57. Rxg6+ Rxg6 58. hxg6 Kxg6 59. Kd3 Kg5 60. Kd4 Kxg4 61. Kd5 Kf5 62. Kxd6 1/2-1/2

[Event "GRE-chT Online ED & SA 2nd"]
[Site "Tornelo INT"]
[Date "2022.05.14"]
[Round "4"]
[White "Koutsogoulas, Georgios"]
[Black "Voutsas, Leonidas"]
[Result "1-0"]
[WhiteElo "1624"]
[BlackElo "1671"]
[PlyCount "89"]
[EventDate "2022.05.14"]
[EventType "team-swiss (rapid)"]
[EventRounds "7"]
[EventCountry "GRE"]
[SourceTitle "EXT 2024"]
[Source "ChessBase"]
[SourceDate "2023.10.10"]
[SourceVersion "1"]
[SourceVersionDate "2023.10.10"]
[SourceQuality "1"]

1. b3 g6 2. Bb2 Nf6 3. Nf3 Bg7 4. e3 0-0 5. d4 d5 6. Bd3 b6 7. 0-0 Bb7 8. Nbd2 Nbd7 9. Qe2 Re8 10. c4 e6 11. e4 dxe4 12. Nxe4 Nxe4 13. Bxe4 Bxe4 14. Qxe4 c5 15. Qc2 cxd4 16. Bxd4 Bxd4 17. Nxd4 Nc5 18. Rfd1 Qf6 19. b4 Nb7 20. Nb5 Qe7 21. a3 Rec8 22. Qd3 a6 23. Nd4 Rc7 24. Rac1 Rd8 25. Qe2 Qf6 26. Nf3 Rxd1+ 27. Rxd1 Qc3 28. Qe5 Qxe5 29. Nxe5 f6 30. Rd7 Rxd7 31. Nxd7 Kf7 32. Nxb6 Ke7 33. Kf1 Kd6 34. Ke2 Kc6 35. c5 e5 36. Kd3 Nd8 37. Kc4 Ne6 38. a4 Nf4 39. b5+ axb5+ 40. axb5+ Kb7 41. Nd5 Nxg2 42. c6+ Kb8 43. b6 Ne1 44. c7+ Kb7 45. Ne7 1-0

[Event "GRE-chT Online ED & SA 2nd"]
[Site "Tornelo INT"]
[Date "2022.05.14"]
[Round "2"]
[White "Michalakis, Charalampos"]
[Black "Voutsas, Leonidas"]
[Result "0-1"]
[WhiteElo "1514"]
[BlackElo "1671"]
[PlyCount "144"]
[EventDate "2022.05.14"]
[EventType "team-swiss (rapid)"]
[EventRounds "7"]
[EventCountry "GRE"]
[SourceTitle "EXT 2024"]
[Source "ChessBase"]
[SourceDate "2023.10.10"]
[SourceVersion "1"]
[SourceVersionDate "2023.10.10"]
[SourceQuality "1"]

1. e4 c5 2. Qf3 Nc6 3. c3 Nf6 4. d3 d6 5. Na3 g6 6. h4 Bg7 7. Be2 Bg4 8. Qg3 Bxe2 9. Nxe2 h5 10. Nc4 Qd7 11. a4 d5 12. exd5 Nxd5 13. Be3 Nxe3 14. Qxe3 0-0-0 15. 0-0-0 b6 16. Qf3 e6 17. Na3 Kb8 18. Kc2 Ne5 19. Qe3 Qxa4+ 20. Kb1 Rd7 21. d4 cxd4 22. Rxd4 Rxd4 23. Nxd4 Qd7 24. f4 Ng4 25. Qf3 Bxd4 26. cxd4 Rd8 27. Rd1 Qd5 28. Qe2 Qf5+ 29. Ka1 Qxf4 30. Qa6 Rxd4 31. Rf1 Qe4 32. Rc1 Qb7 33. Qb5 Rd8 34. Qg5 Rc8 35. Rd1 a6 36. Qf4+ Qc7 37. Qa4 Qb7 38. Rd7 Rc7 39. Rxc7 Kxc7 40. Qe8 Ne5 41. Qe7+ Kb8 42. Qd6+ Qc7 43. Qf8+ Kb7 44. Qb4 Nc6 45. Qe4 Ka7 46. Nc4 Nb4 47. b3 Nd5 48. Qd4 Qc5 49. Qg7 Qg1+ 50. Kb2 Qxg2+ 51. Ka3 Qf2 52. Qe5 Qc5+ 53. Kb2 Qf2+ 54. Ka3 Qc5+ 55. Ka2 Nb4+ 56. Ka1 Qg1+ 57. Kb2 Qf2+ 58. Kc3 Nd5+ 59. Kd3 Qf3+ 60. Kd4 Qf2+ 61. Kd3 Qf1+ 62. Kd4 Qd1+ 63. Ke4 Qe2+ 64. Kd4 Qxe5+ 65. Nxe5 f6 66. Nxg6 Kb7 67. Nf4 Nxf4 68. Ke4 Ng6 69. Kf3 Nxh4+ 70. Kg3 Nf5+ 71. Kf4 Kc6 72. Ke4 h4 0-1

[Event "GRE-chT Online ED & SA 2nd"]
[Site "Tornelo INT"]
[Date "2022.05.14"]
[Round "1"]
[White "Voutsas, Leonidas"]
[Black "Karagiannis, Alexandros Anastasi"]
[Result "1-0"]
[WhiteElo "1671"]
[BlackElo "1335"]
[PlyCount "47"]
[EventDate "2022.05.14"]
[EventType "team-swiss (rapid)"]
[EventRounds "7"]
[EventCountry "GRE"]
[SourceTitle "EXT 2024"]
[Source "ChessBase"]
[SourceDate "2023.10.10"]
[SourceVersion "1"]
[SourceVersionDate "2023.10.10"]
[SourceQuality "1"]

1. e4 d5 2. exd5 Qxd5 3. Nc3 Qa5 4. d4 c6 5. Nf3 Nf6 6. Bc4 Bf5 7. 0-0 e6 8. Re1 Bd6 9. Bg5 Nbd7 10. a3 0-0 11. h3 h6 12. b4 Qc7 13. Be3 Rfe8 14. Qd2 Ne4 15. Nxe4 Bxe4 16. Bxh6 gxh6 17. Rxe4 Nf6 18. Rh4 Kf8 19. Qxh6+ Ke7 20. Bxe6 fxe6 21. Ng5 Nd5 22. Qxe6+ Kd8 23. Nf7+ Qxf7 24. Qxf7 1-0

[Event "GRE-chT2 48th"]
[Site "Thessaloniki"]
[Date "2021.10.08"]
[Round "5.7"]
[White "Voutsas, Leonidas"]
[Black "Stergioulas, Vasilis"]
[Result "1-0"]
[WhiteElo "1651"]
[BlackElo "1730"]
[PlyCount "137"]
[EventDate "2021.10.05"]
[EventType "team-swiss"]
[EventRounds "7"]
[EventCountry "GRE"]
[SourceTitle "CBM 204 Extra"]
[Source "ChessBase"]
[SourceDate "2021.11.30"]
[SourceVersion "1"]
[SourceVersionDate "2021.11.30"]
[SourceQuality "1"]
[WhiteTeam "Serron PSSK"]
[BlackTeam "Giannitson"]
[WhiteTeamCountry "GRE"]
[BlackTeamCountry "GRE"]

1. e4 d5 2. exd5 Nf6 3. d4 Nxd5 4. Nf3 Bg4 5. Be2 e6 6. c3 Be7 7. 0-0 c6 8. h3 Bh5 9. Re1 0-0 10. Nbd2 Nd7 11. Ne4 Bg6 12. Bd3 Qc7 13. g3 Rfe8 14. Bg5 Bf8 15. c4 N5f6 16. Bf4 Qd8 17. Nd6 Bxd6 18. Bxd6 Nf8 19. c5 b5 20. Ne5 Qc8 21. Bf1 Nd5 22. Bg2 Nd7 23. Nd3 a5 24. a4 b4 25. Be4 N7f6 26. Bxg6 hxg6 27. Ne5 Rd8 28. Nc4 Ra7 29. Kg2 Rdd7 30. Qc2 Ne8 31. Be5 Rdb7 32. b3 Rd7 33. Rac1 Rd8 34. h4 Nef6 35. Nd6 Qa6 36. Qc4 Ng4 37. Qxa6 Rxa6 38. Nc4 Nxe5 39. dxe5 Nc3 40. Nd6 Raa8 41. Re3 Rab8 42. Rc2 Rd7 43. f4 Kf8 44. Kf3 Nd5 45. Rd3 Ke7 46. Rcd2 Rdd8 47. Nc4 Ra8 48. Nd6 Rab8 49. g4 Rh8 50. Kg3 Ra8 51. Rf3 Nc3 52. f5 gxf5 53. gxf5 Ra7 54. Rdf2 Rf8 55. f6+ gxf6 56. Rxf6 Kd8 57. Rxf7 Raxf7 58. Nxf7+ Ke7 59. Ng5 Rg8 60. Rf7+ Ke8 61. Ra7 Ne4+ 62. Kf4 Nxg5 63. Ra8+ Kf7 64. Rxg8 Nh3+ 65. Kg3 Kxg8 66. Kxh3 Kg7 67. Kg4 Kg6 68. h5+ Kh6 69. Kh4 1-0